Top 10 Złotej Piłki France Football 2017 - Statystyki

Ogólne statystyki
  • Ten quiz został rozwiązany 51 razy
  • Średni wynik to 10 z 10
Statystyki odpowiedzi
Miejsce Narodowość Klub Zawodnik % Poprawnych
1 Portugalia Real Madryt Cristiano Ronaldo
100%
2 Argentyna FC Barcelona Lionel Messi
100%
5 Chorwacja Real Madryt Luka Modrić
100%
3 Brazylia Paris Saint-Germain Neymar Jr.
100%
9 Polska Bayern Monachium Robert Lewandowski
100%
10 Anglia Tottenham Hotspur Harry Kane
98%
7 Francja AS Monaco/Paris Saint-Germain Kylian Mbappé
96%
4 Włochy Juventus Gianluigi Buffon
88%
6 Hiszpania Real Madryt Sergio Ramos
88%
8 Francja Chelsea Londyn N’Golo Kanté
86%
Nie znaleziono quizów pasujących do podanych kryteriów
Rozkład punktacji
Procent ludzi z każdym wynikiem
Percentyl według liczby udzielonych odpowiedzi
Twoja historia wyników
Nie rozwiązałeś tego quizu